| 000 -LEADER |
| fixed length control field |
00357nam a22001217a 4500 |
| 008 - FIXED-LENGTH DATA ELEMENTS--GENERAL INFORMATION |
| fixed length control field |
250925b ||||| |||| 00| 0 eng d |
| 020 ## - INTERNATIONAL STANDARD BOOK NUMBER |
| International Standard Book Number |
9781471121005 |
| 082 ## - DEWEY DECIMAL CLASSIFICATION NUMBER |
| Classification number |
823.92 HEN |
| 100 ## - MAIN ENTRY--PERSONAL NAME |
| Personal name |
HENDRA,SUE |
| Relator term |
AUTHOR |
| Language of a work |
ENGLISH |
| 245 ## - TITLE STATEMENT |
| Title |
SUPERTATO VEGGIES ASSEMBLE |
| 260 ## - PUBLICATION, DISTRIBUTION, ETC. |
| Place of publication, distribution, etc. |
1ST FLOOR 222 GRAY'S INN ROAD,LONDON,WC1X 8HB |
| Name of publisher, distributor, etc. |
SIMON & SCHUSTER |
| Date of publication, distribution, etc. |
2016 |
| 942 ## - ADDED ENTRY ELEMENTS (KOHA) |
| Source of classification or shelving scheme |
|